Les 10 meilleurs buteurs en 2002. - Statistiques

Statistiques générales
  • Ce quiz a été pris 89 fois
  • Le résultat moyen est 5 sur 10
Statistiques - réponses
Buts Joueurs Clubs % Correct
30 Thierry Henry Arsenal
99%
36 Ruud Van Nistelrooy Man United
74%
27 Raul Real
71%
29 Alessandro Del Piero Juve
70%
30 Michael Owen Liverpool
67%
31 Alan Shearer Newcastle
66%
28 Patrick Kluivert Barca
30%
28 Christian Vieri Inter
23%
27 Jan Koller Dortmund
20%
28 Ole Gunnar Solskjaer Man United
2%
Aucun quiz correspondant
Distribution des résultats
% des personnes avec chaque résultat
Percentile par nombre de réponses
Votre historique - résultats
Vous n’avez pas pris ce quiz